|
|
|
|
| LEADER |
02075nam a22004695i 4500 |
| 001 |
978-3-319-59826-0 |
| 003 |
DE-He213 |
| 005 |
20170918141315.0 |
| 007 |
cr nn 008mamaa |
| 008 |
170918s2017 gw | s |||| 0|eng d |
| 020 |
|
|
|a 9783319598260
|9 978-3-319-59826-0
|
| 024 |
7 |
|
|a 10.1007/978-3-319-59826-0
|2 doi
|
| 040 |
|
|
|d GrThAP
|
| 050 |
|
4 |
|a QH324.2-324.25
|
| 072 |
|
7 |
|a PSA
|2 bicssc
|
| 072 |
|
7 |
|a UB
|2 bicssc
|
| 072 |
|
7 |
|a COM014000
|2 bisacsh
|
| 082 |
0 |
4 |
|a 570.285
|2 23
|
| 245 |
1 |
0 |
|a Algorithms for Next-Generation Sequencing Data
|h [electronic resource] :
|b Techniques, Approaches, and Applications /
|c edited by Mourad Elloumi.
|
| 264 |
|
1 |
|a Cham :
|b Springer International Publishing :
|b Imprint: Springer,
|c 2017.
|
| 300 |
|
|
|a XIII, 355 p. 108 illus., 3 illus. in color.
|b online resource.
|
| 336 |
|
|
|a text
|b txt
|2 rdacontent
|
| 337 |
|
|
|a computer
|b c
|2 rdamedia
|
| 338 |
|
|
|a online resource
|b cr
|2 rdacarrier
|
| 347 |
|
|
|a text file
|b PDF
|2 rda
|
| 520 |
|
|
|a The 14 contributed chapters in this book survey the most recent developments in high-performance algorithms for NGS data, offering fundamental insights and technical information specifically on indexing, compression and storage; error correction; alignment; and assembly. The book will be of value to researchers, practitioners and students engaged with bioinformatics, computer science, mathematics, statistics and life sciences.
|
| 650 |
|
0 |
|a Computer science.
|
| 650 |
|
0 |
|a Algorithms.
|
| 650 |
|
0 |
|a Bioinformatics.
|
| 650 |
|
0 |
|a Biomathematics.
|
| 650 |
1 |
4 |
|a Computer Science.
|
| 650 |
2 |
4 |
|a Computational Biology/Bioinformatics.
|
| 650 |
2 |
4 |
|a Mathematical and Computational Biology.
|
| 650 |
2 |
4 |
|a Bioinformatics.
|
| 650 |
2 |
4 |
|a Algorithm Analysis and Problem Complexity.
|
| 700 |
1 |
|
|a Elloumi, Mourad.
|e editor.
|
| 710 |
2 |
|
|a SpringerLink (Online service)
|
| 773 |
0 |
|
|t Springer eBooks
|
| 776 |
0 |
8 |
|i Printed edition:
|z 9783319598246
|
| 856 |
4 |
0 |
|u http://dx.doi.org/10.1007/978-3-319-59826-0
|z Full Text via HEAL-Link
|
| 912 |
|
|
|a ZDB-2-SCS
|
| 950 |
|
|
|a Computer Science (Springer-11645)
|